[Event "36th World U20 ch"]
[Site "Zagan POL"]
[Date "1997.07.15"]
[Round "2"]
[White "Zhang Zhong"]
[Black "Putka, Verners"]
[Result "1/2-1/2"]
[WhiteElo "2475"]
[BlackElo "2220"]
[EventDate "1997.07.14"]
[PlyCount "114"]

1.e4 e5 2.Nf3 Nf6 3.Nc3 Nc6 4.g3 Bb4 5.Bg2 O-O 6.O-O Re8 7.Re1 d6 8.a3 Bc5
9.b4 Bd4 10.Nxd4 Nxd4 11.h3 a5 12.Bb2 axb4 13.axb4 Rxa1 14.Bxa1 c6 15.Ne2 
Nxe2+ 16.Rxe2 Qb6 17.Bc3 Be6 18.Qa1 Nd7 19.Re1 Qc7 20.f4 f6 21.fxe5 dxe5 
22.Qa5 Nb6 23.Ra1 Ra8 24.Qc5 Na4 25.Qe3 Qd8 26.Bf1 Nxc3 27.Rxa8 Qxa8 28.
Qxc3 Qa7+ 29.Kg2 Qd4 30.Qxd4 exd4 31.b5 c5 32.b6 c4 33.Kf2 Kf8 34.Bg2 Bc8 
35.Bf1 Be6 36.Bg2 Bc8 37.c3 dxc3 38.dxc3 Ke7 39.Ke3 Kd6 40.Kd4 Be6 41.h4 
Kc6 42.e5+ Kxb6 43.exf6 gxf6 44.Bd5 Bxd5 45.Kxd5 Kb5 46.g4 h6 47.h5 b6 48.
Kd4 Kc6 49.Kxc4 b5+ 50.Kd4 Kd6 51.Ke4 Ke6 52.Kf4 Ke7 53.Ke3 Kd7 54.Kf3 Kd6
55.Kf4 Ke7 56.Ke3 Kd7 57.Kd3 Ke7 1/2-1/2

[Event "36th World U20 ch"]
[Site "Zagan POL"]
[Date "1997.07.15"]
[Round "2"]
[White "Dantas, Carlos"]
[Black "Pereyra Arcija, Diego"]
[Result "0-1"]
[WhiteElo "2200"]
[BlackElo "2460"]
[EventDate "1997.07.14"]
[PlyCount "104"]

1.f4 Nf6 2.Nf3 d5 3.d4 g6 4.e3 Bg7 5.Bd3 O-O 6.Nbd2 c5 7.c3 b6 8.O-O Ba6 
9.Qe2 Bxd3 10.Qxd3 Nbd7 11.Ng5 Qc7 12.Nh3 e6 13.g3 Ne8 14.Nf3 Nd6 15.Nf2 
f5 16.h4 Nf6 17.Ng5 Rfe8 18.Kg2 b5 19.Bd2 a5 20.Rfc1 c4 21.Qe2 Rab8 22.a3 
Rb7 23.Be1 Bf8 24.Nf3 Nde4 25.Nxe4 Nxe4 26.Ng5 Nf6 27.Ra2 h6 28.Nf3 Bd6 
29.Rca1 Reb8 30.Kh3 Qe7 31.Ne5 Bxe5 32.dxe5 Ne4 33.Rd1 g5 34.g4 Qh7 35.
gxf5 Qxf5+ 36.Qg4 Qxg4+ 37.Kxg4 gxf4 38.exf4 Rf8 39.a4 b4 40.cxb4 axb4 41.
a5 Rbf7 42.a6 Rxf4+ 43.Kh3 R4f7 44.Ra4 b3 45.Rb4 Rg7 46.Kh2 Nf2 47.Ra1 
Ng4+ 48.Kh3 Rf3+ 49.Kg2 Nxe5+ 50.Kh2 Rf1 51.Rb8+ Kh7 52.Bc3 Nf3+ 0-1

[Event "36th World U20 ch"]
[Site "Zagan POL"]
[Date "1997.07.15"]
[Round "2"]
[White "Delemarre, Jop"]
[Black "Moreira Romero, Jairo"]
[Result "1-0"]
[WhiteElo "2395"]
[BlackElo "2200"]
[EventDate "1997.07.14"]
[PlyCount "69"]

1.d4 d6 2.Nf3 Bg4 3.c4 Nd7 4.Nc3 e5 5.g3 c6 6.Bg2 Be7 7.O-O Ngf6 8.h3 Bxf3
9.Bxf3 O-O 10.d5 Qc7 11.b3 a5 12.Be3 Rfe8 13.Rc1 Bf8 14.Qc2 g6 15.g4 Nb6 
16.Rfd1 cxd5 17.Bxb6 Qxb6 18.g5 e4 19.gxf6 exf3 20.Nxd5 Qd8 21.exf3 Re5 
22.f4 Rh5 23.Rd3 Rb8 24.Qe2 Qd7 25.Ne7+ Bxe7 26.Qxe7 Qxe7 27.fxe7 f6 28.
Re1 Re8 29.Rxd6 b5 30.Rd5 bxc4 31.Rxh5 gxh5 32.bxc4 Kf7 33.Kf1 h6 34.a3 h4
35.f5 1-0

[Event "36th World U20 ch"]
[Site "Zagan POL"]
[Date "1997.07.15"]
[Round "2"]
[White "Fontaine, Robert"]
[Black "Bircher, Roland"]
[Result "1/2-1/2"]
[WhiteElo "2395"]
[BlackElo "2185"]
[EventDate "1997.07.14"]
[PlyCount "122"]

1.e4 c5 2.Nf3 d6 3.d4 cxd4 4.Nxd4 Nf6 5.Nc3 g6 6.g3 Nc6 7.Nde2 Bg7 8.Bg2 
Be6 9.h3 O-O 10.O-O Ne5 11.b3 Qc8 12.g4 Ne8 13.Bb2 Nc6 14.f4 f5 15.exf5 
gxf5 16.g5 Bf7 17.Qd2 Nc7 18.Na4 Bxb2 19.Nxb2 Qe8 20.Ng3 Bg6 21.Rae1 Rd8 
22.Nc4 Qd7 23.h4 Bf7 24.Ne3 e6 25.c4 Ne8 26.Qc3 Ng7 27.Rd1 Nh5 28.Bxc6 
Qxc6 29.Kh2 Nxg3 30.Kxg3 Bh5 31.Rd2 a6 32.Nc2 Rfe8 33.Qf6 Qc7 34.Re1 Qf7 
35.Qxf7+ Kxf7 36.Rd3 e5 37.Rde3 e4 38.Nd4 Kg6 39.Rc3 Rc8 40.a4 b6 41.Kf2 
Re7 42.Rec1 Rec7 43.b4 a5 44.bxa5 bxa5 45.Nb5 Rd7 46.Ke3 Rc5 47.Nd4 Bg4 
48.Nb3 Rc8 49.c5 dxc5 50.Nxc5 Rd5 51.Nb3 Rcd8 52.Rc6+ Kg7 53.Nc5 Kg8 54.
Rc2 Rd1 55.Re6 Rf1 56.Rg2 Rf3+ 57.Ke2 Rxf4+ 58.Ke3 Rf3+ 59.Ke2 Rc3+ 60.
Rxg4 fxg4 61.Nxe4 Ra3 1/2-1/2

[Event "36th World U20 ch"]
[Site "Zagan POL"]
[Date "1997.07.15"]
[Round "2"]
[White "Jirovsky, Petr"]
[Black "Pihlajasalo, Hannu"]
[Result "1-0"]
[WhiteElo "2395"]
[BlackElo "2185"]
[EventDate "1997.07.14"]
[PlyCount "77"]

1.e4 e5 2.Nf3 Nf6 3.Nxe5 d6 4.Nf3 Nxe4 5.Qe2 Qe7 6.d3 Nf6 7.Bg5 Nbd7 8.Nc3
Qxe2+ 9.Bxe2 h6 10.Bd2 g6 11.Nb5 Nd5 12.c4 a6 13.cxd5 axb5 14.Nd4 Nb6 15.
Nxb5 Nxd5 16.Bf3 Bd7 17.Nxd6+ Bxd6 18.Bxd5 c6 19.Bb3 Bf5 20.O-O-O O-O-O 
21.Bxf7 Bxd3 22.Be6+ Kc7 23.Ba5+ b6 24.Bxb6+ Kxb6 25.Rxd3 Bf4+ 26.Kc2 Rxd3
27.Kxd3 Rd8+ 28.Kc3 Rd2 29.g3 Re2 30.gxf4 Rxe6 31.Kd3 Kc5 32.h4 Rd6+ 33.
Ke3 Re6+ 34.Kf3 h5 35.Rg1 Kc4 36.Rg5 Kd3 37.Rc5 Kd2 38.a4 Rd6 39.Rc3 1-0

[Event "36th World U20 ch"]
[Site "Zagan POL"]
[Date "1997.07.15"]
[Round "2"]
[White "De Wachter, Matthias"]
[Black "Zulfugarli, Mahomed"]
[Result "0-1"]
[WhiteElo "2175"]
[BlackElo "2385"]
[EventDate "1997.07.14"]
[PlyCount "88"]

1.e4 e5 2.Nf3 Nc6 3.Bb5 a6 4.Ba4 Nf6 5.O-O Be7 6.Bxc6 dxc6 7.Qe1 Nd7 8.b3 
c5 9.Bb2 Bd6 10.d3 O-O 11.Nbd2 b5 12.a4 c6 13.Qe3 Re8 14.g3 Nf8 15.Nh4 Bh3
16.Rfe1 Ne6 17.Nf5 Bc7 18.Nf3 f6 19.N3h4 Bg4 20.f3 Bh5 21.Qe2 Qd7 22.Ng2 
Nd4 23.Nxd4 cxd4 24.Ra2 Bd6 25.Rea1 Qb7 26.Nh4 Bf7 27.Nf5 Bf8 28.Qe1 Rec8 
29.Kf2 Rc7 30.Bc1 Rac8 31.Bd2 c5 32.axb5 axb5 33.Ra6 c4 34.bxc4 bxc4 35.
Ba5 Qxa6 36.Bxc7 Qc6 37.Ba5 cxd3 38.cxd3 g6 39.Nh4 Qc2+ 40.Qd2 Qb3 41.Kg1 
Rc2 42.Qd1 Ra2 43.Rb1 Qxd1+ 44.Rxd1 Rxa5 0-1

[Event "36th World U20 ch"]
[Site "Zagan POL"]
[Date "1997.07.15"]
[Round "2"]
[White "Ho, Andrew"]
[Black "Guthrie, David"]
[Result "1-0"]
[WhiteElo "2340"]
[BlackElo "2140"]
[EventDate "1997.07.14"]
[PlyCount "65"]

1.d4 Nf6 2.c4 e6 3.Nc3 d5 4.cxd5 exd5 5.Bg5 c6 6.Qc2 Be7 7.e3 O-O 8.Bd3 
Nbd7 9.Nge2 Re8 10.O-O-O Nf8 11.Kb1 a5 12.f3 Be6 13.g4 b5 14.Ng3 N6d7 15.
Bxe7 Qxe7 16.Nce2 Rec8 17.Nf4 c5 18.dxc5 Rxc5 19.Qg2 Ne5 20.Nf5 Bxf5 21.
gxf5 f6 22.Rhg1 Ra7 23.Bc2 Rd7 24.e4 dxe4 25.Bb3+ Nc4 26.Rxd7 Qxd7 27.fxe4
Rc7 28.Nd5 Rc6 29.e5 Qxf5+ 30.Bc2 Qd7 31.Nxf6+ Rxf6 32.exf6 g6 33.Rd1 1-0

[Event "36th World U20 ch"]
[Site "Zagan POL"]
[Date "1997.07.15"]
[Round "2"]
[White "Ibraev, Nurlan"]
[Black "Kucumenler, Tarkan"]
[Result "1/2-1/2"]
[WhiteElo "2320"]
[BlackElo "2035"]
[EventDate "1997.07.14"]
[PlyCount "97"]

1.d4 Nf6 2.c4 g6 3.Nc3 Bg7 4.Nf3 O-O 5.g3 d6 6.Bg2 Nc6 7.O-O Rb8 8.b3 a6 
9.Bb2 Bd7 10.d5 Na5 11.Nd2 c5 12.Rb1 b5 13.Qc2 e5 14.dxe6 Bxe6 15.cxb5 
axb5 16.Nde4 b4 17.Nxf6+ Bxf6 18.Ne4 Bxb2 19.Qxb2 f5 20.Nd2 Qf6 21.Qxf6 
Rxf6 22.Rbc1 Rc8 23.Rfd1 Kf8 24.Nf1 Ke7 25.Ne3 Rff8 26.f4 Nc6 27.Kf2 Nd4 
28.Nd5+ Bxd5 29.Bxd5 Nb5 30.Rd3 Nc7 31.Bg2 Nb5 32.Bd5 Nc7 33.Bc6 Ne6 34.
Bg2 Nc7 35.h4 h6 36.Rcd1 Rcd8 37.Bc6 Ne6 38.e3 Rf6 39.a4 bxa3 40.Ra1 Nc7 
41.Bf3 Nb5 42.Bd5 Nc7 43.Bg2 Nb5 44.Rd2 Rb8 45.Rc2 Rb6 46.Rc4 Rf8 47.b4 
cxb4 48.Rxb4 Rfb8 49.Rb3 1/2-1/2

[Event "36th World U20 ch"]
[Site "Zagan POL"]
[Date "1997.07.16"]
[Round "3"]
[White "Banikas, Hristos"]
[Black "Krakops, Maris"]
[Result "1/2-1/2"]
[WhiteElo "2450"]
[BlackElo "2530"]
[EventDate "1997.07.14"]
[PlyCount "74"]

1.d4 Nf6 2.c4 g6 3.Nc3 Bg7 4.e4 d6 5.f4 O-O 6.Nf3 Na6 7.Be2 e5 8.fxe5 dxe5
9.d5 Nc5 10.Bg5 h6 11.Bxf6 Qxf6 12.b4 Na6 13.Rb1 c5 14.dxc6 bxc6 15.c5 Qf4
16.g3 Qe3 17.Qd2 Qxd2+ 18.Nxd2 Rb8 19.a3 Nc7 20.Nc4 Ne6 21.Nd6 Nd4 22.O-O 
Nxe2+ 23.Nxe2 Bh3 24.Rf2 Be6 25.Nc1 f5 26.exf5 gxf5 27.Nb3 e4 28.Na5 Bd4 
29.Nxc6 Bxc5 30.Nxb8 Bxf2+ 31.Kxf2 Rxb8 32.Ke3 Kg7 33.Kf4 Kf6 34.g4 fxg4 
35.Kxe4 Ke7 36.Nf5+ Bxf5+ 37.Kxf5 Rg8 1/2-1/2

[Event "36th World U20 ch"]
[Site "Zagan POL"]
[Date "1997.07.16"]
[Round "3"]
[White "Dao Thien Hai"]
[Black "Iordachescu, Viorel"]
[Result "1/2-1/2"]
[WhiteElo "2525"]
[BlackElo "2500"]
[EventDate "1997.07.14"]
[PlyCount "73"]

1.d4 Nf6 2.c4 g6 3.Nc3 Bg7 4.e4 d6 5.Be2 O-O 6.Bg5 h6 7.Be3 Nbd7 8.Qd2 c5 
9.d5 Kh7 10.Nf3 Re8 11.h3 e6 12.dxe6 Rxe6 13.Qc2 Qe8 14.Bd3 b6 15.O-O-O 
Bb7 16.Nd5 Rc8 17.h4 Kg8 18.h5 Bxd5 19.cxd5 c4 20.Bf1 Rxe4 21.hxg6 Ne5 22.
Bxh6 Nxg6 23.Bxg7 Kxg7 24.Qc3 b5 25.Nd4 Re5 26.Nc6 Nxd5 27.Rxd5 Qxc6 28.
Rd1 Qc5 29.Qd2 b4 30.Qxd6 Qxf2 31.Qxb4 c3 32.bxc3 Qxa2 33.Qb2 Qa5 34.c4 
Rc6 35.Rh3 Rb6 36.Rb3 Rxb3 37.Qxb3 1/2-1/2

[Event "36th World U20 ch"]
[Site "Zagan POL"]
[Date "1997.07.16"]
[Round "3"]
[White "Bates, Richard"]
[Black "Baklan, Volodymyr"]
[Result "0-1"]
[WhiteElo "2345"]
[BlackElo "2570"]
[EventDate "1997.07.14"]
[PlyCount "120"]

1.d4 Nf6 2.Nf3 g6 3.b4 Bg7 4.Bb2 c6 5.e3 d5 6.Nbd2 Qb6 7.a3 Bf5 8.c4 Nbd7 
9.Be2 O-O 10.O-O Ne4 11.Qb3 Bg4 12.Bd3 Bxf3 13.Nxf3 dxc4 14.Qxc4 Nd6 15.
Qc2 a5 16.Ne5 Rfd8 17.f4 e6 18.Bc3 axb4 19.Bxb4 Qc7 20.Rac1 Nf5 21.Rf3 
Nxe5 22.fxe5 Bh6 23.Bxf5 exf5 24.Rcf1 Rd7 25.Qc4 Re8 26.Kh1 b6 27.Bd6 Qb7 
28.Qb3 c5 29.Rb1 Qe4 30.Qxb6 c4 31.h3 c3 32.Rc1 Bxe3 33.Rxc3 Bxd4 34.Qb5 
Bxc3 35.Qxd7 Qe1+ 36.Kh2 Bxe5+ 37.Bxe5 Qxe5+ 38.Kg1 Rb8 39.Qd3 Rb2 40.Re3 
Qc5 41.Kh2 Qc7+ 42.Kh1 Qb8 43.Qc3 Ra2 44.Re7 Qa8 45.Qg3 f4 46.Qg4 Rxa3 47.
Qd7 Re3 48.Rxf7 Qa1+ 49.Kh2 Qe5 50.Qc7 Rxh3+ 51.gxh3 Qb2+ 52.Kg1 Qb1+ 53.
Kf2 Qa2+ 54.Kf3 Qxf7 55.Qxf4 Qxf4+ 56.Kxf4 h6 57.h4 Kf8 58.Ke4 Ke8 59.Kf3 
Kf7 60.Ke3 Ke7 0-1

[Event "36th World U20 ch"]
[Site "Zagan POL"]
[Date "1997.07.16"]
[Round "3"]
[White "Kempinski, Robert"]
[Black "Vajda, Levente"]
[Result "1/2-1/2"]
[WhiteElo "2530"]
[BlackElo "2445"]
[EventDate "1997.07.14"]
[PlyCount "78"]

1.d4 d5 2.Nf3 e6 3.c4 c6 4.Qc2 f5 5.Bf4 Nf6 6.e3 Be7 7.Be2 O-O 8.Nbd2 Ne4 
9.Nxe4 fxe4 10.Nd2 Bg5 11.Bg3 Nd7 12.O-O Nf6 13.b4 Bd7 14.Nb3 Be8 15.b5 
cxb5 16.cxb5 Rc8 17.Qd2 b6 18.Rfc1 Bd7 19.a4 Ne8 20.Rxc8 Bxc8 21.Rc1 Bd7 
22.Na1 Bh4 23.Nc2 Bxg3 24.fxg3 Qg5 25.Rf1 Nf6 26.Nb4 Be8 27.Qc3 Ng4 28.
Rxf8+ Kxf8 29.Bxg4 Qxg4 30.Qe1 Bh5 31.Na2 Qd1 32.Qxd1 Bxd1 33.Nc3 Bb3 34.
h4 Ke7 35.g4 h6 36.Kf2 Kf6 37.Kg3 e5 38.Kf2 exd4 39.exd4 g5 1/2-1/2

[Event "36th World U20 ch"]
[Site "Zagan POL"]
[Date "1997.07.16"]
[Round "3"]
[White "Bauer, Christian"]
[Black "Socko, Bartosz"]
[Result "0-1"]
[WhiteElo "2525"]
[BlackElo "2435"]
[EventDate "1997.07.14"]
[PlyCount "138"]

1.e4 e5 2.Nf3 Nc6 3.Bc4 Nf6 4.d3 Bc5 5.c3 d6 6.Bb3 a6 7.Nbd2 O-O 8.O-O Ba7
9.Nc4 Ne7 10.Bg5 Ng6 11.Nh4 Kh8 12.Nxg6+ fxg6 13.a4 Be6 14.a5 Qd7 15.Be3 
Bxe3 16.Nxe3 g5 17.f3 Rae8 18.Ba4 c6 19.d4 exd4 20.Qxd4 g4 21.f4 Qc7 22.
Bc2 c5 23.Qd2 Bg8 24.Ra4 Qc6 25.e5 dxe5 26.fxe5 Rxe5 27.Nxg4 Rd5 28.Qe1 c4
29.Nxf6 Rxf6 30.Rxf6 gxf6 31.Ra1 Rg5 32.Qf2 Qc5 33.Be4 Qxf2+ 34.Kxf2 Rb5 
35.Ra2 f5 36.Bf3 Bd5 37.Ke3 Bxf3 38.gxf3 Kg7 39.Kd4 Kg6 40.Kxc4 Kg5 41.b4 
Kf4 42.Rf2 Ke3 43.Rf1 f4 44.Re1+ Kxf3 45.Re7 h6 46.Kd4 Kg2 47.Re2+ Kf3 48.
Re7 Rf5 49.Rxb7 Ke2 50.b5 f3 51.bxa6 f2 52.a7 Rf4+ 53.Kc5 f1=Q 54.Re7+ Kd2
55.a8=Q Qc4+ 56.Kd6 Rf6+ 57.Kd7 Qb5+ 58.Kc7 Qc5+ 59.Kd7 Qf5+ 60.Kc7 Qf4+ 
61.Kd7 Rd6+ 62.Ke8 Qg5 63.Qf3 Qg8+ 64.Qf8 Rd8+ 65.Kxd8 Qxf8+ 66.Kd7 Qf5+ 
67.Re6 Qf7+ 68.Kd6 Kxc3 69.a6 Kd4 0-1

[Event "36th World U20 ch"]
[Site "Zagan POL"]
[Date "1997.07.16"]
[Round "3"]
[White "Rowson, Jonathan"]
[Black "Tikhonov, Yury"]
[Result "1-0"]
[WhiteElo "2490"]
[BlackElo "2415"]
[EventDate "1997.07.14"]
[PlyCount "81"]

1.e4 c5 2.Nf3 d6 3.d4 cxd4 4.Nxd4 Nf6 5.Nc3 a6 6.Bd3 e5 7.Nde2 Be7 8.O-O 
O-O 9.Ng3 Nc6 10.Bc4 Be6 11.Bb3 Rc8 12.f4 b5 13.Nd5 Nd4 14.Be3 Nxb3 15.
axb3 exf4 16.Nxf4 Qc7 17.c3 Qb7 18.Bd4 Rfe8 19.b4 Bg4 20.Qd3 Nd7 21.Nd5 
Be6 22.Nf5 Bf8 23.Nh6+ Kh8 24.Nxf7+ Bxf7 25.Rxf7 Ne5 26.Rxb7 Nxd3 27.Rxa6 
Rxe4 28.h3 Ne5 29.Rxb5 Re2 30.b3 Rb2 31.Rba5 Re8 32.Ne3 Kg8 33.Bxe5 dxe5 
34.Ra8 Re6 35.Ra2 Rxb3 36.Nd5 Rd6 37.Rf2 g6 38.Rfxf8+ Kg7 39.Rfd8 Re6 40.
Ra2 e4 41.Re2 1-0

[Event "36th World U20 ch"]
[Site "Zagan POL"]
[Date "1997.07.16"]
[Round "3"]
[White "Macieja, Bartlomiej"]
[Black "Kelly, Brian"]
[Result "1-0"]
[WhiteElo "2470"]
[BlackElo "2390"]
[EventDate "1997.07.14"]
[PlyCount "83"]

1.e4 c5 2.Nf3 e6 3.d4 cxd4 4.Nxd4 Nf6 5.Nc3 d6 6.g4 h6 7.Rg1 Nc6 8.Be3 d5 
9.exd5 exd5 10.Bb5 Bd7 11.Qd3 Bb4 12.Bxc6 bxc6 13.a3 Be7 14.Nf5 Bxf5 15.
gxf5 Kf8 16.O-O-O Nd7 17.Nxd5 cxd5 18.Qxd5 Bf6 19.Qxd7 Qb8 20.Bc5+ Kg8 21.
Bd4 Bg5+ 22.Kb1 Qxh2 23.f6 g6 24.Rge1 Qb8 25.Re7 Qf8 26.Rde1 Rd8 27.Qa4 
Kh7 28.Qxa7 Kg8 29.Qa4 Kh7 30.Bb6 Rd6 31.Re8 Rd1+ 32.Ka2 Rxe1 33.Rxf8 Rxf8
34.Qb4 Rfe8 35.Be3 Rg1 36.f4 Rxe3 37.fxg5 Re8 38.Qc4 Kg8 39.gxh6 Rh1 40.
Qc6 Rhe1 41.Qd7 Rf8 42.h7+ 1-0

[Event "36th World U20 ch"]
[Site "Zagan POL"]
[Date "1997.07.16"]
[Round "3"]
[White "Kasimdzhanov, Rustam"]
[Black "Bratanov, Zsivko"]
[Result "1-0"]
[WhiteElo "2545"]
[BlackElo "2355"]
[EventDate "1997.07.14"]
[PlyCount "55"]

1.g3 e5 2.c4 Nf6 3.Nc3 Bb4 4.Bg2 O-O 5.Nf3 Bxc3 6.bxc3 e4 7.Nd4 d6 8.O-O 
c5 9.Nc2 Nc6 10.Ne3 Be6 11.d3 exd3 12.exd3 d5 13.Rb1 Na5 14.Ba3 dxc4 15.
Bxc5 cxd3 16.Bxf8 Kxf8 17.Qa4 Rc8 18.Bxb7 Nxb7 19.Rxb7 Nd5 20.Nxd5 Qxd5 
21.Qb4+ Kg8 22.Rb8 h5 23.Rxc8+ Bxc8 24.Qd4 Qf5 25.Rd1 Ba6 26.c4 Qa5 27.
Qxd3 Qxa2 28.Qf5 1-0

[Event "36th World U20 ch"]
[Site "Zagan POL"]
[Date "1997.07.16"]
[Round "3"]
[White "Li Shilong"]
[Black "Ivanisevic, Ivan"]
[Result "1/2-1/2"]
[WhiteElo "2335"]
[BlackElo "2540"]
[EventDate "1997.07.14"]
[PlyCount "61"]

1.e4 c5 2.Nf3 d6 3.d4 cxd4 4.Nxd4 Nf6 5.Nc3 g6 6.Be3 Bg7 7.f3 Nc6 8.Qd2 
O-O 9.Bc4 Bd7 10.O-O-O Qa5 11.h4 Ne5 12.Bb3 Rfc8 13.h5 Nxh5 14.g4 Nf6 15.
Bh6 Rxc3 16.bxc3 Bxh6 17.Rxh6 Rc8 18.Kb2 Qb6 19.Qh2 Qc5 20.Rxh7 Qxc3+ 21.
Kb1 Nxh7 22.Rh1 e6 23.Qxh7+ Kf8 24.Qh6+ Ke7 25.Qg5+ f6 26.Rh7+ Nf7 27.Qxg6
Be8 28.Nxe6 Qe1+ 29.Kb2 Qc3+ 30.Kb1 Qe1+ 31.Kb2 1/2-1/2

[Event "36th World U20 ch"]
[Site "Zagan POL"]
[Date "1997.07.16"]
[Round "3"]
[White "Van den Doel, Erik"]
[Black "Ho, Andrew"]
[Result "1-0"]
[WhiteElo "2440"]
[BlackElo "2340"]
[EventDate "1997.07.14"]
[PlyCount "115"]

1.e4 c5 2.Nf3 e6 3.d4 cxd4 4.Nxd4 Nf6 5.Nc3 d6 6.Be3 Nc6 7.f4 e5 8.Nf3 Ng4
9.Qd2 Nxe3 10.Qxe3 exf4 11.Qxf4 Be6 12.O-O-O Be7 13.Kb1 O-O 14.Nd5 Re8 15.
Bc4 Bf8 16.h4 Rc8 17.Bb3 a6 18.g4 Na5 19.g5 Nxb3 20.axb3 Bxd5 21.Rxd5 Qc7 
22.Rh2 Qe7 23.Rd4 Rc5 24.Qd2 g6 25.Qd3 Rc6 26.Re2 Bg7 27.Rd5 Qe6 28.b4 b5 
29.c3 Qg4 30.Ka2 Be5 31.Re1 Rc4 32.Nxe5 dxe5 33.Rxe5 Rcc8 34.Rd5 Qxh4 35.
Re2 h6 36.gxh6 Qxh6 37.Rd6 Ra8 38.Rg2 a5 39.Qd5 axb4+ 40.Kb3 Kf8 41.Rf2 
Ra7 42.Rd8 Re7 43.Rxe8+ Kxe8 44.Qa8+ Kd7 45.Rf6 Qh3 46.Rc6 Qe6+ 47.Rxe6 
Rxe6 48.Kxb4 Re5 49.Ka5 g5 50.Kb6 Ke7 51.Qh8 f6 52.b3 Ke6 53.Qe8+ Kd6 54.
Qf7 Rxe4 55.Qxf6+ Re6 56.Qxg5 Re5 57.Qxe5+ Kxe5 58.Kxb5 1-0

[Event "36th World U20 ch"]
[Site "Zagan POL"]
[Date "1997.07.16"]
[Round "3"]
[White "Szabo, Zsolt Jozsef"]
[Black "Bagheri, Amir"]
[Result "1/2-1/2"]
[WhiteElo "2435"]
[BlackElo "2300"]
[EventDate "1997.07.14"]
[PlyCount "185"]

1.e4 c6 2.d4 d5 3.Nc3 dxe4 4.Nxe4 Bf5 5.Ng3 Bg6 6.Nf3 Nd7 7.h4 h6 8.h5 Bh7
9.Bd3 Bxd3 10.Qxd3 Qc7 11.Bd2 Ngf6 12.O-O-O e6 13.Ne4 O-O-O 14.g3 Nxe4 15.
Qxe4 Be7 16.Kb1 a6 17.Qe1 Rhe8 18.Ba5 b6 19.Bc3 Kb7 20.Qe2 Qd6 21.Bd2 Qc7 
22.c4 Bd6 23.Bc3 a5 24.Rhe1 Ka7 25.Qc2 Bf8 26.Qa4 Kb7 27.Re3 Nf6 28.Rh1 
Ng4 29.Re2 Ka6 30.Rhe1 b5 31.Qb3 Qb7 32.cxb5+ Qxb5 33.Qc2 Rd5 34.a4 Qb6 
35.Qe4 Nf6 36.Qd3+ Ka7 37.Ne5 Re7 38.Qc4 Rc7 39.Rc1 c5 40.Rec2 Bd6 41.Qb5 
Qxb5 42.axb5 cxd4 43.Bxd4+ Kb8 44.Rxc7 Bxc7 45.Nc6+ Kb7 46.Rc5 Rxc5 47.
Bxc5 Nxh5 48.Kc2 Bb6 49.Bf8 Bxf2 50.g4 Nf6 51.Ne5 Nh7 52.Bxg7 Bd4 53.b3 
Ng5 54.Bxh6 Bxe5 55.Bxg5 Kb6 56.Kd3 Kxb5 57.Be7 Bg3 58.Bf8 Be1 59.Be7 Bb4 
60.Bf6 Bd6 61.Bc3 Bc7 62.Ke4 Kc5 63.Bd2 Kb5 64.Bc3 Bd6 65.Bd2 Bb4 66.Bf4 
Kc5 67.Be3+ Kd6 68.Bf4+ Ke7 69.Be3 Kf6 70.Bf4 Kg6 71.Be3 Be7 72.Bd2 Bd8 
73.Be3 Bg5 74.Bb6 Bd2 75.Bd8 f6 76.Bc7 Kg5 77.Bd8 Bc3 78.Kf3 e5 79.Ke4 Bb4
80.Kf3 Be1 81.Ke4 Bc3 82.Be7 Bb2 83.Bd8 Ba3 84.Kf3 Bb4 85.Ke4 Bc3 86.Be7 
Kg6 87.Bd8 Kf7 88.Kf5 e4 89.Kxe4 Kg6 90.Kd3 Be1 91.Kc4 Kg5 92.Kb5 Bc3 93.
Bxa5 1/2-1/2

[Event "36th World U20 ch"]
[Site "Zagan POL"]
[Date "1997.07.16"]
[Round "3"]
[White "Vesterbak Pedersen, Nicolai"]
[Black "Savic, Miodrag"]
[Result "1-0"]
[WhiteElo "2300"]
[BlackElo "2430"]
[EventDate "1997.07.14"]
[PlyCount "103"]

1.d4 Nf6 2.c4 e6 3.Nc3 Bb4 4.g3 O-O 5.Bg2 d5 6.Nf3 c5 7.cxd5 Nxd5 8.Bd2 
cxd4 9.Nxd5 Bxd2+ 10.Qxd2 Qxd5 11.Qxd4 Qb5 12.a4 Qh5 13.b4 Nc6 14.Qc3 Ne7 
15.Qe5 Qg4 16.Rb1 a5 17.h3 Qg6 18.Nd2 Qc2 19.Qc5 Qxc5 20.bxc5 Nd5 21.Nc4 
Bd7 22.Bxd5 exd5 23.Nb6 Rad8 24.Nxd7 Rxd7 25.Rb5 Rc8 26.Kd2 Rdc7 27.Rc1 
Kf8 28.Rxa5 Ke7 29.Rb5 Kd7 30.Kd3 Re8 31.Rxb7 Re4 32.Rxc7+ Kxc7 33.Ra1 Rc4
34.a5 Rxc5 35.a6 Kb8 36.a7+ Ka8 37.Ra2 Rb5 38.Kd4 f6 39.h4 g6 40.g4 h5 41.
gxh5 gxh5 42.e3 Rb4+ 43.Kxd5 Rxh4 44.Ke6 Rh1 45.Kxf6 h4 46.f4 Re1 47.Rh2 
Rxe3 48.Rxh4 Kxa7 49.f5 Kb6 50.Rc4 Rf3 51.Kg6 Kb5 52.Rc1 1-0

[Event "36th World U20 ch"]
[Site "Zagan POL"]
[Date "1997.07.16"]
[Round "3"]
[White "Kunte, Abhijit"]
[Black "Podkriznik, Gregor"]
[Result "1-0"]
[WhiteElo "2430"]
[BlackElo "2295"]
[EventDate "1997.07.14"]
[PlyCount "81"]

1.e4 c5 2.Nf3 d6 3.c3 Nf6 4.Be2 g6 5.O-O Bg7 6.Re1 O-O 7.Bf1 Bg4 8.h3 Bxf3
9.Qxf3 Nc6 10.Qd1 Nd7 11.d3 b5 12.a3 a5 13.Be3 Qb6 14.Nd2 Rfd8 15.Nf3 b4 
16.d4 bxc3 17.bxc3 a4 18.Bc4 Nf6 19.Rb1 Qc7 20.Qd3 Na5 21.Nd2 cxd4 22.Bxd4
Nxc4 23.Nxc4 Rdb8 24.Nb6 Ra5 25.Rb4 Qc6 26.Nd5 Re8 27.Rb6 Qc8 28.Bxf6 Bxf6
29.Rxd6 Bg5 30.Rd7 e6 31.Nb6 Qc6 32.Rd6 Qc7 33.Rb1 Be7 34.Rd7 Qc6 35.Nc4 
Rc5 36.Rb4 Bf8 37.e5 Rc8 38.Rd4 Qc7 39.Rxa4 Bg7 40.f4 f6 41.Rd7 1-0

[Event "36th World U20 ch"]
[Site "Zagan POL"]
[Date "1997.07.16"]
[Round "3"]
[White "Gershon, Alik"]
[Black "Carrasco Martinez, Juan Manuel"]
[Result "1-0"]
[WhiteElo "2420"]
[BlackElo "2280"]
[EventDate "1997.07.14"]
[PlyCount "77"]

1.e4 e6 2.d4 d5 3.Nc3 Bb4 4.e5 c5 5.a3 Bxc3+ 6.bxc3 Qc7 7.Qg4 f5 8.Qg3 Nc6
9.Nf3 Nge7 10.Bd2 Bd7 11.Qxg7 O-O-O 12.Qh6 Rdg8 13.h3 f4 14.Qxf4 Rf8 15.
Qe3 cxd4 16.Nxd4 Nxe5 17.Nb5 Bxb5 18.Bxb5 Kb8 19.O-O Rhg8 20.f4 Nc4 21.
Bxc4 Qxc4 22.Qxe6 Nf5 23.Rf2 Ng3 24.Re1 Ne4 25.Rxe4 Qxe4 26.Qxe4 dxe4 27.
g4 h5 28.g5 Rf5 29.Re2 Rd5 30.Be1 Re8 31.Kf2 h4 32.Ke3 Ra5 33.Rg2 Rxa3 34.
f5 Ra5 35.f6 Rf5 36.Bxh4 Rf3+ 37.Ke2 Rc8 38.Bg3+ Ka8 39.Be5 1-0

[Event "36th World U20 ch"]
[Site "Zagan POL"]
[Date "1997.07.16"]
[Round "3"]
[White "Antoniewski, Rafal"]
[Black "Rezan, Sasa"]
[Result "1-0"]
[WhiteElo "2405"]
[BlackElo "2250"]
[EventDate "1997.07.14"]
[PlyCount "77"]

1.e4 c5 2.Nf3 e6 3.d4 cxd4 4.Nxd4 Nf6 5.Nc3 d6 6.g4 Nc6 7.g5 Nd7 8.h4 Be7 
9.Bg2 a6 10.O-O O-O 11.Nce2 Qc7 12.Kh1 Re8 13.b3 Nxd4 14.Nxd4 b5 15.Bb2 
Bb7 16.Ne2 Rad8 17.f4 Bf8 18.Ng3 a5 19.Qd2 a4 20.Rac1 Qb6 21.Bd4 Qa6 22.
Qf2 Qa8 23.Rce1 Bc6 24.Kh2 Qb7 25.Bb2 b4 26.h5 Rc8 27.Bf3 Bb5 28.Rg1 Qc7 
29.Rg2 d5 30.e5 Qb6 31.Qd2 g6 32.f5 exf5 33.Bxd5 Nc5 34.Qd4 Re6 35.Bxe6 
Qxe6 36.Ne2 Ne4 37.Nf4 Qd7 38.Nd5 Kh8 39.e6+ 1-0

[Event "36th World U20 ch"]
[Site "Zagan POL"]
[Date "1997.07.16"]
[Round "3"]
[White "Goloschapov, Alexander"]
[Black "Petry, Croife"]
[Result "1-0"]
[WhiteElo "2400"]
[BlackElo "2195"]
[EventDate "1997.07.14"]
[PlyCount "45"]

1.e4 d5 2.exd5 Qxd5 3.Nc3 Qa5 4.d4 Nf6 5.Nf3 Bg4 6.h3 Bh5 7.Bd2 c6 8.Bc4 
Qc7 9.g4 Bg6 10.Qe2 e6 11.O-O-O Nbd7 12.Ne5 Nxe5 13.dxe5 Nd7 14.f4 O-O-O 
15.Rhf1 h6 16.f5 exf5 17.gxf5 Bh7 18.Bf4 Nb6 19.Rxd8+ Qxd8 20.Bxf7 Bxf5 
21.Rf3 g6 22.e6 Be7 23.Qe5 1-0

[Event "36th World U20 ch"]
[Site "Zagan POL"]
[Date "1997.07.16"]
[Round "3"]
[White "Balogh, Tomas"]
[Black "Karner, Christoph"]
[Result "1-0"]
[WhiteElo "2390"]
[BlackElo "2155"]
[EventDate "1997.07.14"]
[PlyCount "97"]

1.d4 Nf6 2.c4 g6 3.Nc3 Bg7 4.e4 d6 5.f3 O-O 6.Be3 e5 7.d5 c6 8.Qd2 cxd5 9.
cxd5 Nbd7 10.Nge2 a6 11.Nc1 Nh5 12.Nd3 f5 13.Be2 Ndf6 14.O-O-O fxe4 15.
fxe4 b5 16.Bf3 Bd7 17.Nb4 Rc8 18.Kb1 Kh8 19.a3 a5 20.Nc6 Bxc6 21.dxc6 b4 
22.axb4 axb4 23.Nd5 Rxc6 24.Qxb4 Nxd5 25.Rxd5 Nf6 26.Rd3 Qc7 27.Rc1 Rxc1+ 
28.Bxc1 Rd8 29.Rc3 Qa7 30.Be3 Qa6 31.Qc4 Qa8 32.Qc6 Qxc6 33.Rxc6 Kg8 34.
Bb6 Rd7 35.b4 Kf8 36.Kc2 Ke7 37.Kd3 Rb7 38.Ba5 Kd7 39.Ra6 Bf8 40.Bd1 Be7 
41.Ba4+ Ke6 42.Ra8 d5 43.exd5+ Kxd5 44.Bb3+ Kc6 45.Ra6+ Kb5 46.Bc4+ Ka4 
47.Bd8+ Kxb4 48.Bxe7+ Rxe7 49.Rb6+ 1-0

[Event "36th World U20 ch"]
[Site "Zagan POL"]
[Date "1997.07.16"]
[Round "3"]
[White "Sarakauskas, Gediminas"]
[Black "Zhang Zhong"]
[Result "0-1"]
[WhiteElo "2295"]
[BlackElo "2475"]
[EventDate "1997.07.14"]
[PlyCount "90"]

1.e4 c5 2.Nf3 d6 3.d4 cxd4 4.Qxd4 a6 5.Be3 Nc6 6.Qd2 e6 7.Nc3 b5 8.a4 b4 
9.Ne2 Nf6 10.Ng3 Be7 11.a5 Bb7 12.Bd3 O-O 13.O-O Qb8 14.Rfe1 Re8 15.Nd4 
Ne5 16.Qxb4 d5 17.Qa4 Nxd3 18.cxd3 dxe4 19.dxe4 Nxe4 20.Nxe6 Bd6 21.Nd4 
Nxg3 22.hxg3 Bxg3 23.Nf5 Bh2+ 24.Kh1 Re4 25.Qd7 Be5 26.Rad1 Bf6 27.f3 Re6 
28.Bd4 Bc6 29.Nh6+ gxh6 30.Rxe6 Bxd7 31.Rxf6 Qb3 32.Rd2 Be6 33.Rxh6 Qb4 
34.Bc3 Qf4 35.Rh5 Bf5 36.Rd4 Qc1+ 37.Kh2 Bg6 38.Rhd5 Qh6+ 39.Kg3 Qf8 40.f4
Qc8 41.Rb4 h5 42.Bf6 Qg4+ 43.Kh2 Qe6 44.Rd8+ Rxd8 45.Bxd8 Qd6 0-1